Normal view
MARC view
Entry Personal Name
001 - CONTROL NUMBER
- control field: 27323
003 - CONTROL NUMBER IDENTIFIER
- control field: OSt
005 - DATE AND TIME OF LATEST TRANSACTION
- control field: 20260605124309.0
008 - FIXED-LENGTH DATA ELEMENTS
- fixed length control field: 260605|| aca||aabn | a|a d
040 ## - CATALOGING SOURCE
- Original cataloging agency: OSt
- Transcribing agency: OSt
100 ## - HEADING--PERSONAL NAME
- Personal name: Sagor Richard
670 ## - SOURCE DATA FOUND
- Source citation: Work cat.: (OSt)23348: Sagor Richard, How to Conduct Collaborative Action Research, 1992
